| 000 | 01492nam a2200457 i 4500 | ||
|---|---|---|---|
| 001 | 41029 | ||
| 003 | KOSZ 005 | ||
| 005 | 20220603133448.0 | ||
| 008 | 980702s1996 pl a |000 0 pol | ||
| 015 | _aUWD 1996/17360 | ||
| 020 | _a8386569840 | ||
| 035 | _a991004476399705066 | ||
| 035 | _a(PL-WaBN)b11181394-48omnis_nlop | ||
| 035 | _ab11181394 | ||
| 035 | _a(OCoLC)749673705 | ||
| 035 | _azz2006813015 | ||
| 035 | _a(PL)b0000001118139 | ||
| 035 | _a(EXLNZ-48OMNIS_NETWORK)9910141964305606 | ||
| 040 |
_aWA N _cWA N _dKOSZ 005/HR |
||
| 046 | _k1996 | ||
| 080 | _a621.313 | ||
| 080 | _a(075.8) | ||
| 100 | 1 |
_aSochocki, Ryszard. _eTłumaczenie |
|
| 245 | 1 | 0 |
_aMikromaszyny elektryczne / _cRyszard Sochocki. |
| 260 |
_aWarszawa : _bOficyna Wydawnicza Politechniki Warszawskiej, _c1996. |
||
| 300 |
_a185, [3] s. : _brys., wykr. ; _c24 cm. |
||
| 336 |
_aTekst _btxt _2rdacontent |
||
| 337 |
_aBez urządzenia pośredniczącego _bn _2rdamedia |
||
| 338 |
_aWolumin _bnc _2rdacarrier |
||
| 380 | _aKsiążki | ||
| 388 | _a1901-2000 | ||
| 388 | _a1989-2000 | ||
| 504 | _aBibliogr. s. [188]. | ||
| 650 | 7 |
_aMaszyny elektryczne _2DBN |
|
| 655 | 7 |
_aPodręczniki akademickie _2DBN |
|
| 658 | _aInżynieria i technika | ||
| 710 | 2 |
_aOficyna Wydawnicza Politechniki Warszawskiej _4pbl |
|
| 856 |
_uhttp://koha.tu.koszalin.pl/cgi-bin/koha/opac-detail.pl?biblionumber=41029 _yKatalog online BPK |
||
| 942 |
_2UKD _cKS |
||
| 999 |
_c41029 _d41029 |
||